00639nam a2200181Ia 4500952015500000999001700155003000400172005001700176008004100193020001800234040000900252082002200261100002800283245005000311260003700361300000900398942005000407 00102ddc40708SOCIAL SCIENCEaMESbMEScSOCIAL SCIENCEd2019-02-20g350.00l0o306.260954 CHA/Wp29172r2019-02-20 00:00:00w2019-02-20yBKzGL41R5 c31934d31934OSt20200615150719.0190216s9999||||xx |||||||||||||| ||und|| a9780521608374 coclc a306.260954bCHA/W aChandra, Kanchan 92929 0aWhy Ethnic Parties Succeed /cKanchan Chandra bCambridge Uty Press,aUK:c2004. a343p cBK2ddch306.260954iCHA/Wk306.260954mCHA/W